000 01024nmm a2200301 a 4500
001 ocm000924446
003 TR-IsHL
005 20201028145150.0
008 150110s2012 tu tur
007 cr cn
020 _a9786054611270
035 _a924446
_b(N$T)
050 0 4 _aDR571.5
_b.A37 2012
090 0 4 _aDR571.5
_b.A37 2012
100 1 _aAkpınar, Hakan
245 1 0 _aSon sultan: Sultan II. Abdülhamid ve bir devrin hikayesi
_h[electronic resource] /
_cHakan Akpınar
260 _aİstanbul :
_bMola Kitap,
_c2012
300 _a380 p.
500 _aKaynakça vardır.
_x
650 4 _aTarih
650 4 _aHistory
650 0 _aII. Abdülhamid, 1842-1918
650 0 _aAbdülhamid II, Sultan of the Turks, 1842-1918
650 0 _aSultanlar
_x Türkiye
_x Hayır kurumları
650 0 _aSultans
_x Turkey
_x Charities
650 7 _aHISTORY / Middle East / Turkey & Ottoman Empire
_2bisacsh
856 4 0 _uhttp://search.ebscohost.com/login.aspx?direct=true&scope=site&db=e011xww&AN=924446
999 _c9813
_d9813